PUBLIC INTEREST LITIGATION- LEGAL AID & SERVICES (Record no. 29285)
[ view plain ]
| 000 -LEADER | |
|---|---|
| fixed length control field | 00232nam a2200085Ia 4500 |
| 008 - FIXED-LENGTH DATA ELEMENTS--GENERAL INFORMATION | |
| fixed length control field | 170620s9999 xx 000 0 und d |
| 100 ## - MAIN ENTRY--PERSONAL NAME | |
| Personal name | Dr PARANJAPE- N V |
| 245 #0 - TITLE STATEMENT | |
| Title | PUBLIC INTEREST LITIGATION- LEGAL AID & SERVICES |
| 260 ## - PUBLICATION, DISTRIBUTION, ETC. | |
| Name of publisher, distributor, etc. | ALLAHABAD; C L P |
| 260 ## - PUBLICATION, DISTRIBUTION, ETC. | |
| Date of publication, distribution, etc. | 2006 |
| Withdrawn status | Lost status | Source of classification or shelving scheme | Damaged status | Not for loan | Home library | Current library | Date acquired | Source of acquisition | Barcode | Date last seen | Price effective from | Koha item type | Total Checkouts | Date last checked out |
|---|---|---|---|---|---|---|---|---|---|---|---|---|---|---|
| IIMT University College of Law | IIMT University College of Law | 04/15/2008 | 94 | 04-B-2592 | 06/29/2017 | 06/29/2017 | Text-Book- for 7 days | |||||||
| IIMT University College of Law | IIMT University College of Law | 04/15/2008 | 94 | 04-B-2593 | 06/29/2017 | 06/29/2017 | Text-Book- for 7 days | |||||||
| IIMT University College of Law | IIMT University College of Law | 04/15/2008 | 94 | 04-B-2594 | 06/29/2017 | 06/29/2017 | Text-Book- for 7 days | |||||||
| IIMT University College of Law | IIMT University College of Law | 04/15/2008 | 94 | 04-B-2595 | 03/28/2018 | 06/29/2017 | Text-Book- for 7 days | 1 | 03/21/2018 | |||||
| IIMT University College of Law | IIMT University College of Law | 04/15/2008 | 94 | 04-B-2596 | 06/29/2017 | 06/29/2017 | Text-Book- for 7 days |

